ARRUPE JESUIT UNIVERSITY

CORONAVIRUS -STOP THE SPREAD - CLEAN,DISINFECT,COVER

De la democratie en Amerique (Record no. 123804)

MARC details
000 -LEADER
fixed length control field 00619nam a22001937a 4500
005 - DATE AND TIME OF LATEST TRANSACTION
control field 20151204143337.0
008 - FIXED-LENGTH DATA ELEMENTS--GENERAL INFORMATION
fixed length control field 151119b xxu||||| |||| 00| 0 eng d
020 ## - INTERNATIONAL STANDARD BOOK NUMBER
International Standard Book Number 9782080703538
050 ## - LIBRARY OF CONGRESS CALL NUMBER
Classification number JK216.
Item number T65
100 ## - MAIN ENTRY--PERSONAL NAME
Personal name Tocqueville, Alexis de.
9 (RLIN) 9356
245 ## - TITLE STATEMENT
Title De la democratie en Amerique
Statement of responsibility, etc by Tocqueville, Alexis de.
260 ## - PUBLICATION, DISTRIBUTION, ETC. (IMPRINT)
Place of publication, distribution, etc Paris
Name of publisher, distributor, etc Garnier-Flammarion
Date of publication, distribution, etc 1981
300 ## - PHYSICAL DESCRIPTION
Extent 2v, 569p.;
Dimensions 18cm.
440 ## - SERIES STATEMENT/ADDED ENTRY--TITLE
Title GF-Flammarion
Volume number/sequential designation no. 353, 354
9 (RLIN) 21134
650 ## - SUBJECT ADDED ENTRY--TOPICAL TERM
Topical term or geographic name as entry element Democracy
9 (RLIN) 21135
651 ## - SUBJECT ADDED ENTRY--GEOGRAPHIC NAME
Geographic name United States
General subdivision Politics
9 (RLIN) 21136
651 ## - SUBJECT ADDED ENTRY--GEOGRAPHIC NAME
Geographic name United States
General subdivision Social conditions
9 (RLIN) 13124
942 ## - ADDED ENTRY ELEMENTS (KOHA)
Source of classification or shelving scheme Library of Congress Classification
Item type Monograph ( Printed materials)
Holdings
Withdrawn status Lost status Source of classification or shelving scheme Damaged status Not for loan Collection code Home library Current library Shelving location Date acquired Total Checkouts Full call number Barcode Date last seen Copy number Price effective from Koha item type
    Library of Congress Classification     Main Collection ARRUPE LIBRARY ARRUPE LIBRARY Main Collection 19/11/2015   JK216.T65 46500005773 19/11/2015 1 19/11/2015 Monograph ( Printed materials)
    Library of Congress Classification     Main Collection ARRUPE LIBRARY ARRUPE LIBRARY Main Collection 19/11/2015   JK216.T65 46500005774 19/11/2015 2 19/11/2015 Monograph ( Printed materials)

 

Arrupe Library. PO Box MP320 Mt Pleasant, Harare, Zimbabwe
263 242 745411|librarian@aju.ac.zw